MARC

LEADER 00000nam0a2200000 4500
001 285992
005 20231101235841.0
035 |a (RuTPU)RU\TPU\book\310280 
090 |a 285992 
100 |a 20150302d1953 km y0rusy50 ca 
101 0 |a rus 
102 |a RU 
105 |a a z 001zy 
200 1 |a Практические методы подсчета запасов рудных месторождений  |f А. П. Прокофьев 
210 |a Москва  |c Госгеолиздат  |d 1953 
215 |a 134 с.  |c ил. 
320 |a Библиогр.: с. 133-134. 
606 1 |a Рудные месторождения  |x Подсчет и классификация запасов  |2 stltpush  |3 (RuTPU)RU\TPU\subj\25955  |9 49986 
610 1 |a точность 
610 1 |a поправочный коэфициент 
610 1 |a твердые полезные ископаемые 
610 1 |a методы 
610 1 |a характеристика 
610 1 |a применение 
610 1 |a разведочные работы 
610 1 |a окунтуривание 
610 1 |a промышленные руды 
675 |a 553.3/.4.04  |v 3 
700 1 |a Прокофьев  |b А. П. 
801 1 |a RU  |b 63413507  |c 20150302 
801 2 |a RU  |b 63413507  |c 20150312  |g RCR 
942 |c BK